000 00576nam a2200241Ia 4500
003 OSt
005 20220926035008.0
006 a|||||r|||| 00| 0
007 ta
008 220923b |||||||| |||| 00| 0 eng d
037 _cGeneral Book
040 _aRTL
_cRTL
_beng
041 _2eng
_aeng
082 _aX:8F, J2
100 _aHimmelblau David
_9341670
245 0 _aFirst year in accounting
250 _a4ed
260 _c1952
490 _vV1
650 _aBudgeting
942 _hX:8F, J2
_cGB
_2CC
999 _c661051
_d661051